000 00349nam a2200145Ia 4500
008 230312s9999||||xx |||||||||||||| ||und||
020 _a1305107640
082 _a005.43
_bTOM-G
100 _aThomas,Orin
245 0 _aWindows server 2008 R2 secrets
260 _bCengage
_aUSA
_c2017
300 _a579
650 _aComputer
_vComputer
942 _cBK
999 _c16492
_d16492